| Tag |
First Indicator |
Second Indicator |
Subfields |
| LEADER |
00000cam a2200000Ia 4500 |
| 001 |
in00002070708 |
| 005 |
20151101191240.0 |
| 008 |
800819s1974 miua 000 0 eng d |
| 035 |
|
|
|a (OCoLC)ocm06634599
|
| 040 |
|
|
|a EYW
|c EYW
|d OCL
|d OCLCQ
|d TXA
|d UtOrBLW
|
| 049 |
|
|
|a TXAM
|
| 090 |
|
|
|a HX40
|b .J29 1974
|
| 100 |
1 |
|
|a James, C. L. R.
|q (Cyril Lionel Robert),
|d 1901-1989.
|
| 245 |
1 |
0 |
|a Facing reality /
|c by C.L.R. James, Grace C. Lee, Pierre Chaulieu.
|
| 264 |
|
1 |
|a Detroit :
|b Bewick,
|c [1974]
|
| 264 |
|
4 |
|c ©1974
|
| 300 |
|
|
|a 174 pages :
|b illustrations ;
|c 23 cm.
|
| 336 |
|
|
|a text
|b txt
|2 rdacontent
|
| 337 |
|
|
|a unmediated
|b n
|2 rdamedia
|
| 338 |
|
|
|a volume
|b nc
|2 rdacarrier
|
| 500 |
|
|
|a First edition, by Grace C. Lee, Pierre Chaulieu and J.R. Johnson, published 1958 by Correspondence Pub. Co., Detroit.
|
| 650 |
|
0 |
|a Socialism.
|
| 650 |
|
0 |
|a Communism.
|
| 700 |
1 |
|
|a Boggs, Grace Lee,
|e author.
|
| 700 |
1 |
|
|a Castoriadis, Cornelius,
|d 1922-1997,
|e author.
|
| 948 |
|
|
|a cataloged
|b h
|c 2005/7/13
|d c
|e rhankins
|f 11:44:14 am
|
| 994 |
|
|
|a C0
|b TXA
|
| 999 |
|
|
|a MARS
|
| 999 |
f |
f |
|s ee82ee98-9ea6-34ce-9963-18cc531aa3ea
|i 455dadcb-bc7b-3172-a929-22b7b33fb3ea
|t 0
|
| 952 |
f |
f |
|p noncirc
|a Texas A&M University
|b College Station
|c Cushing Memorial Library & Archives
|d Cushing: Area Studies/Africana (Does not check out)
|t 0
|e HX40 .J29 1974
|h Library of Congress classification
|i unmediated -- volume
|
| 998 |
f |
f |
|a HX40 .J29 1974
|t 0
|l Cushing: Area Studies/Africana (Does not check out)
|